| 000 | 005740000a22001690004500 | ||
|---|---|---|---|
| 090 |
_aAR _b04539 |
||
| 100 | 1 |
_aBotero Trujillo, Ricardo _998384 |
|
| 245 | 1 | 0 | _aTwo new species of Ananteris (Scorpiones, Buthidae) from El Tuparro Natural National Park, eastern Colombia |
| 041 | 0 | _aInglés | |
| 650 | 1 | 4 |
_aNuevas especies _992905 |
| 650 | 1 | 4 |
_aEscorpiones _992746 |
| 651 | 4 |
_dVichada _lParque Natural Nacional El Tuparro _992749 |
|
| 653 | _eAnanteris faguasi | ||
| 653 | _eAnanteris volschenki | ||
| 942 | _cARTICULO | ||
| 773 | 1 |
_tComptes Rendues Biologies _q83-94 _d2009 _g332 |
|
| 999 |
_c13639 _d13639 |
||